000 00777nas a2200265 4500
001 BR9505156
003 BR-BrBNA
005 20231205094212.0
007 ta
008 230509b bl.|||p| |||| 00| 00por d
040 _aBR-BrBNA
_bpor
_cBiblioteca Nacional de Agricultura
041 _a(Pt)
072 _aF01; F02
100 1 _aSouza, R.J. de
100 1 _aCasali, V.W.D.
245 1 _aInfluencia do paclobutrazol na cultura do alho (Allium sativum L.)
650 _aRegulador de Crescimento
650 _aRendimento
650 _aSuperbrotamento
650 _aAlho
650 _aBulbo
773 0 _tCiencia e Pratica (Brazil)
_xISSN 0100-3267
_g(Apr-Jun 1992), v. 16(2) p. 246-251
_wBR9505156
909 _a202311
_bLúcia
_c55
_dLúcia Elande
942 _2AGRIS
_n0
_cANA
999 _c142740
_d142740